000 00477nam a2200181Ia 4500
005 20250326123844.0
008 250326s9999 xx 000 0 und d
037 _aTextbook
040 _aFMSL
_beng
_cFMSL
041 _aeng
_2eng
084 _aS:3:6 K7
_qFMSL
100 _aNunnally J C
_9736261
245 0 _aPsychometric theory
_cNunnally J C
260 _aNY
_bNY, McGraw-Hill
_c1967
300 _a640p
942 _cTB
_hS:3:6 K7
999 _c1271219
_d1271219